000 00410 a2200133 4500
000 nam a22 7a 4500
100 _a सेवा ,सिंह बाजवा
110 _a सेवा ,सिंह बाजवा
245 _aभारतीय सैन्य समस्याएं
250 _alatest edition
260 _bवैभव
_c2024
264 _bवैभव
_c2024
942 _cBK
999 _c395364
_d395364